[Event "Tirol-ch"]
[Site "Jenbach"]
[Date "2013.06.07"]
[Round "5"]
[White "Holzner, Anton"]
[Black "Guseck, Markus"]
[Result "1-0"]
[WhiteElo "1370"]
[BlackElo "1127"]
[PlyCount "67"]
[EventDate "2013.05.30"]
[EventType "swiss"]
[EventRounds "7"]
[EventCountry "AUT"]
[SourceTitle "EXT 2015"]
[Source "ChessBase"]
[SourceDate "2014.11.20"]
[SourceVersion "1"]
[SourceVersionDate "2014.11.20"]
[SourceQuality "1"]

1. e4 c5 2. Nf3 Nc6 3. d4 cxd4 4. Nxd4 Nf6 5. Nc3 e5 6. Nxc6 bxc6 7. Be2 Bb4 8. Qd3 0-0 9. 0-0 a5 10. a4 Ba6 11. Qd1 Bxc3 12. Bxa6 Rxa6 13. bxc3 Nxe4 14. Qe2 Nc5 15. Qxe5 d6 16. Qd4 Ne6 17. Qd3 Rb6 18. Ba3 c5 19. f4 Nc7 20. c4 Rb8 21. Rad1 Qc8 22. Qxd6 Ne6 23. Rd5 Rd8 24. Qe5 Rxd5 25. cxd5 Nf8 26. d6 Nd7 27. Qc3 Ra8 28. Bb2 f6 29. Re1 c4 30. Kh1 Nb6 31. Re7 Nxa4 32. Rxg7+ Kh8 33. Qxf6 Qf8 34. Qh6 1-0

[Event "Tirol-ch"]
[Site "Jenbach"]
[Date "2013.06.01"]
[Round "3"]
[White "Polterauer, Chiara"]
[Black "Guseck, Markus"]
[Result "1-0"]
[WhiteElo "1695"]
[BlackElo "1127"]
[PlyCount "97"]
[EventDate "2013.05.30"]
[EventType "swiss"]
[EventRounds "7"]
[EventCountry "AUT"]
[SourceTitle "EXT 2015"]
[Source "ChessBase"]
[SourceDate "2014.11.20"]
[SourceVersion "1"]
[SourceVersionDate "2014.11.20"]
[SourceQuality "1"]

1. e4 c5 2. Nf3 Nc6 3. d4 cxd4 4. Nxd4 Nf6 5. Nc3 e5 6. Ndb5 a6 7. Nd6+ Bxd6 8. Qxd6 Qe7 9. Qd1 0-0 10. Bd3 Qe6 11. Nd5 Qd6 12. 0-0 Ne7 13. Bg5 Nexd5 14. exd5 e4 15. Bc4 b5 16. Bb3 Bb7 17. Bxf6 Qxf6 18. Qg4 d6 19. Qxe4 Rae8 20. Qb4 h6 21. Rfe1 Rxe1+ 22. Rxe1 Qd8 23. h3 Re8 24. Rxe8+ Qxe8 25. Qxd6 Kh7 26. Qf4 g6 27. d6 Kg7 28. Qd4+ f6 29. Qb6 Bc8 30. Qa7+ Bd7 31. Kf1 h5 32. Qxa6 b4 33. Qa7 g5 34. Ba4 Kg6 35. Qxd7 Qxd7 36. Bxd7 Kf7 37. Bb5 f5 38. a4 bxa3 39. bxa3 f4 40. a4 g4 41. hxg4 hxg4 42. a5 Ke6 43. d7 Ke7 44. a6 Kd8 45. a7 Kc7 46. a8Q Kb6 47. Qc6+ Ka7 48. Qc7+ Ka8 49. Bc6# 1-0